Pocket Facts : Trains

Bibliographic Details
Main Author: Steele, Philip
Format: Book
Published: London : MacMillan , 1989
Series:pocket Facts
Subjects:

MARC

LEADER 00000cam a2200000 7i4500
001 0000006834
002 000007363
005 20051006.0
020 |a 0333514602 
090 0 0 |a J 001   |b STE 
100 1 |a Steele, Philip 
245 1 0 |a Pocket Facts :   |b Trains   |c Philip Steele 
260 |a London :   |b MacMillan ,   |c 1989 
300 |a 32 p. :   |b ill. ;   |c 22 cm. 
490 0 |a pocket Facts 
650 0 0 |a Locomotives   |x Juvenile literature 
999 |a 027246   |b BUKU   |c PINJAMAN   |e PERPUSTAKAAN KOMUNITI CAW KOTA DAMANSARA